000 01346cam a22002894a 4500
001 12426572
003 ARRUPE
005 20130926111622.0
008 010530r20012000mau 000 0 eng
010 _a 2001003225
020 _a1557252807 (pbk.)
040 _aDLC
_cDLC
_dDLC
042 _apcc
050 0 0 _aBX2350.3
_b.H85 2001
100 1 _aHume, Basil,
_d1923-1999.
_91348
245 1 4 _aThe mystery of love /
_cBasil Hume.
260 _aBrewster, Mass. :
_bParaclete Press,
_c2001.
300 _aix, 85 p. ;
_c21 cm.
500 _aOriginally published: London : Darton, Longman and Todd, 2000.
505 0 _aMystery -- Faith -- Our Blessed Lady -- Hope -- The mystery of love -- Is there a god? -- Abandonment to God's will -- Humility -- Peace -- Trust -- Prayer -- The sacred heart -- Gratitude -- Mother of God and mother of the Church -- The sound of gentle stillness -- Suffering -- The sacrifice of the Mass -- God's tenderness and mercy -- Life after death.
610 2 0 _aCatholic Church
_xDoctrines.
_91349
650 0 _aSpiritual life
_xCatholic Church.
_91350
650 0 _aLove
_xReligious aspects
_xCatholic Church.
_91351
906 _a7
_bcbc
_corignew
_d1
_eecip
_f20
_gy-gencatlg
942 _2lcc
_cMONOGRAPH
999 _c118069
_d118069